| Tag |
First Indicator |
Second Indicator |
Subfields |
| LEADER |
00000cam a22000001 4500 |
| 001 |
in00000080621 |
| 005 |
20151008052949.0 |
| 008 |
790416s1954 njuab b 00010 eng |
| 010 |
|
|
|a 54006072
|
| 035 |
|
|
|a (OCoLC)00249843
|
| 035 |
|
|
|9 AAH5643AM
|
| 040 |
|
|
|a DLC
|c DLC
|d TXA
|d UtOrBLW
|
| 043 |
|
|
|a n-us---
|
| 049 |
|
|
|a TXAM
|c 2 [247181]
|
| 050 |
0 |
0 |
|a HG2051.U5
|b J65
|
| 082 |
0 |
|
|a 332.71
|a 332.31*
|
| 090 |
|
|
|a HG2051.U5
|b J65 1954
|
| 092 |
|
|
|a 332.71
|b J77m
|
| 100 |
1 |
|
|a Jones, Lawrence A.
|
| 245 |
1 |
0 |
|a Mortgage lending experience in agriculture /
|c by Lawrence A. Jones and David Durand.
|
| 264 |
|
1 |
|a Princeton :
|b Princeton University Press,
|c 1954.
|
| 300 |
|
|
|a xxii, 233 pages :
|b illustrations, maps (1 folded color) ;
|c 24 cm.
|
| 336 |
|
|
|a text
|b txt
|2 rdacontent
|
| 337 |
|
|
|a unmediated
|b n
|2 rdamedia
|
| 338 |
|
|
|a volume
|b nc
|2 rdacarrier
|
| 490 |
1 |
|
|a National Bureau of Economic Research. Financial Research Program. Studies in agricultural finance,
|v 1
|
| 500 |
|
|
|a "A study by the National Bureau of Economic Research, New York."
|
| 504 |
|
|
|a Bibliographical footnotes.
|
| 650 |
|
0 |
|a Mortgages
|z United States.
|
| 650 |
|
0 |
|a Agricultural credit
|z United States.
|
| 700 |
1 |
|
|a Durand, David,
|d 1912-
|
| 740 |
0 |
|
|a Mortgage loans.
|
| 810 |
2 |
|
|a National Bureau of Economic Research.
|b Financial Research Program.
|t Studies in agricultural finance,
|v 1.
|
| 999 |
|
|
|a MARS
|
| 999 |
f |
f |
|s 72f0af99-e509-316d-8f93-2192b60811f3
|i 32019c33-3d42-3e82-8bf5-6b5394944e84
|t 0
|
| 952 |
f |
f |
|p ric
|a Texas A&M University
|b Rellis Campus
|c Joint Library Facility
|d Remote Storage
|t 0
|e HG2051.U5 J65 1954
|h Library of Congress classification
|i unmediated -- volume
|m A14800738286
|
| 998 |
f |
f |
|a HG2051.U5 J65 1954
|t 0
|l Remote Storage
|